|
|
|
|
| LEADER |
00000nab a2200000 a 4500 |
| 001 |
vtls001031066 |
| 003 |
SK-MaSNL |
| 005 |
20260303035747.0 |
| 008 |
040720e20030123xo 0 slo |
| 035 |
|
|
|a SL9620
|
| 040 |
|
|
|a SLLK
|b slo
|c SLLK
|e AACR2
|
| 041 |
0 |
|
|a slo
|
| 044 |
|
|
|a xo
|c SK
|
| 080 |
|
|
|a 796.332-055.15(437.67)"2002/2003"
|2 1981
|
| 100 |
1 |
|
|a Drobňák, Peter
|4 aut
|9 1022968
|
| 245 |
1 |
0 |
|a Zdokonaľovať futbalové nadanie
|b druholigová bilancia mladších žiakov
|
| 518 |
|
|
|a sezóna 2002-2003
|
| 520 |
|
|
|a Po jesennej časti futbalovej sezóny 2002-2003 je družstvo mladších žiakov so ziskom 30 bodov a skóre 59:14 na 2. mieste.
|
| 610 |
2 |
7 |
|a Junošport Stará Ľubovňa (Stará Ľubovňa, Slovensko)
|2 SLLK
|9 155674
|
| 650 |
0 |
7 |
|a futbal
|2 SLLK
|9 3291
|
| 650 |
0 |
7 |
|a žiaci mladší
|2 SLLK
|9 886367
|
| 651 |
|
7 |
|a Stará Ľubovňa (Slovensko)
|2 SLLK
|9 19193
|
| 651 |
|
7 |
|a SL,
|2 SLLK
|9 1022390
|
| 655 |
|
7 |
|a periodikum
|2 snkbucl
|9 29553
|
| 700 |
1 |
0 |
|a Mariančík, Marian
|4 aut
|9 1022969
|
| 710 |
2 |
|
|a JUNOŠPORT (Stará Ľubovňa, Slovensko)
|4 aut
|9 1022492
|
| 773 |
0 |
8 |
|t Ľubovnianske noviny
|g Roč. 29, č.3, 23.1.2003, s. 3
|
| 852 |
|
|
|a ZVYKNI
|b KIS3GCP
|
| 999 |
|
|
|c 1678798
|d 1680728
|